"New Magallanes" de EE. UU. la primera circumnavegación submarina del globo, el viaje del submarino nuclear USS Triton (24 de 02 de 1960 - 10 de 05 de 1960) : [abstract] /

Elmentve itt :
Bibliográfiai részletek
Szerző: Fischer Ferenc
Testületi szerző: Un océano. Distintos destinos 1492-1522-2022
Dokumentumtípus: Könyv része
Megjelent: Departamento de Estudios Hispánicos de la Universidad de Szeged Szeged 2022
Sorozat:Un océano. Distintos destinos 1492-1522-2022
Kulcsszavak:Tengeralattjáró - 1960 - előadáskivonat
Tárgyszavak:
Online Access:http://acta.bibl.u-szeged.hu/77688
LEADER 01076naa a2200217 i 4500
001 acta77688
005 20221206145630.0
008 221206s2022 hu o 1|| spa d
020 |a 978-963-306-905-9 
040 |a SZTE Egyetemi Kiadványok Repozitórium  |b hun 
041 |a spa 
100 1 |a Fischer Ferenc 
245 1 0 |a "New Magallanes" de EE. UU.   |h [elektronikus dokumentum] :  |b la primera circumnavegación submarina del globo, el viaje del submarino nuclear USS Triton (24 de 02 de 1960 - 10 de 05 de 1960) : [abstract] /  |c  Fischer Ferenc 
260 |a Departamento de Estudios Hispánicos de la Universidad de Szeged  |b Szeged  |c 2022 
300 |a 16-17 
490 0 |a Un océano. Distintos destinos 1492-1522-2022 
650 4 |a Bölcsészettudományok 
650 4 |a Történettudomány és régészet 
695 |a Tengeralattjáró - 1960 - előadáskivonat 
711 |a Un océano. Distintos destinos 1492-1522-2022  |c Szeged  |d 2022. november 18-19. 
856 4 0 |u http://acta.bibl.u-szeged.hu/77688/1/un_oceano_distintos_destinos_libro_de_resumenes_2022_016-017.pdf  |z Dokumentum-elérés